00610nam a2200181Ia 4500999001700000082001600017100001900033100002400052100003900076245003700115260002700152300000800179700004100187700004200228700004200270942001100312952010500323 c58638d58635 aR/5BS(CS)02 aBinish Soomro  aRoll No. 02BS(CS)04 aSupervisor - Engr. Umair Ali Khan  0aGlobal Positioning System (GPS). aNawabshahbQUESTc2006 a75p aIrfana Shaikh (Roll No. 02BS(CS)08)  aKashifa Soomro (Roll No. 02BS(CS)02)  aBenazir Bhatti (Roll No. 02BS(CS)25)  cTHESIS 00104070aRESEARCHbRESEARCHd2018-05-02l0oR/5BS(CS)02pBSCSP/03-19r2018-05-02 00:00:00yTHESIS